[Event "51st World Juniors"]
[Site "Athens GRE"]
[Date "2012.08.11"]
[Round "9.41"]
[White "Nadirashvili, Shalva"]
[Black "Galopoulos, Nikolaos"]
[Result "0-1"]
[WhiteElo "2151"]
[BlackElo "2402"]
[WhiteFideId "13601512"]
[BlackFideId "4208951"]
[EventDate "2012.08.02"]

1. d4 Nf6 2. c4 e6 3. g3 d5 4. Nf3 dxc4 5. Bg2 c6 6. Ne5 Bb4+ 7. Bd2 Qxd4 8.
Bxb4 Qxe5 9. Na3 b5 10. Bd6 Qxb2 11. O-O Nd5 12. e4 Nc3 13. Qg4 h5 14. Qg5 Ne2+
15. Kh1 Qf6 16. Qe3 e5 17. Bxb8 Rxb8 18. Qxe2 h4 19. Kg1 Qh6 20. g4 h3 21. Bf3
Qf4 22. Kh1 Be6 23. Nc2 Ke7 24. Ne3 Rhd8 25. Rad1 g6 26. Nc2 a5 27. Qe3 Qxe3 28.
Nxe3 c3 29. Rc1 b4 30. a3 Rd2 31. Kg1 Rbd8 32. axb4 axb4 33. Rfd1 Rxd1+ 34. Nxd1
Rd3 35. Be2 Rd2 36. Nxc3 bxc3 37. Kf1 Rb2 38. f3 c2 39. Ke1 Rb1 40. Kd2 Rxc1 41.
Kxc1 Bb3 42. g5 Kd6 43. Bf1 Kc5 44. Bxh3 Kd4 45. Kd2 c1=Q+ 46. Kxc1 Ke3 47. Bg4
Kf4 48. h4 Kg3 49. Kb2 Bd1 50. h5 gxh5 51. Bxh5 Kf4 52. Bxf7 Kxg5 53. Be8 c5 54.
Kc3 Be2 55. Bf7 Kf4 56. Be8 Kxf3 57. Bc6 Ke3 58. Bd5 Bd3 59. Bf7 Bb5 60. Bd5 Ba6
61. Bc6 Bd3 62. Be8 c4 63. Bg6 Bxe4 64. Bf7 Bd3 65. Bd5 Kf4 66. Kd2 e4 67. Bf7
e3+ 68. Kd1 c3 69. Bh5 Kg3 70. Kc1 Kf2 71. Bg4 Be4 72. Be2 c2 73. Bc4 e2 0-1

[Event "51st World Juniors"]
[Site "Athens GRE"]
[Date "2012.08.11"]
[Round "9.42"]
[White "Papasimakopoulos, Alexandros"]
[Black "Rios, Cristhian Camilo"]
[Result "1-0"]
[BlackTitle "FM"]
[WhiteElo "2126"]
[BlackElo "2398"]
[WhiteFideId "4244125"]
[BlackFideId "4403940"]
[EventDate "2012.08.02"]

1. d4 Nf6 2. c4 g6 3. Nc3 Bg7 4. e4 d6 5. f3 O-O 6. Be3 Nbd7 7. Nh3 c5 8. Nf2
cxd4 9. Bxd4 a6 10. Be2 e6 11. O-O Qc7 12. Rc1 Bh6 13. Rc2 e5 14. Nd5 Nxd5 15.
cxd5 Qd8 16. Bc3 f5 17. exf5 gxf5 18. Bd2 Bg7 19. Qc1 Nf6 20. Rd1 f4 21. Rc7 Ne8
22. Ba5 Nxc7 23. Bxc7 Qd7 24. Ne4 Rf6 25. Nxf6+ Bxf6 26. Rd2 Qe7 27. Bd3 Bd7 28.
Rc2 e4 29. Bxe4 Bd4+ 30. Kh1 Be3 31. Qe1 b6 32. Bd3 Qf6 33. Qb4 Bc5 34. Qe4 Qf7
35. Qe1 Re8 36. Re2 Rxe2 37. Qxe2 Bb5 38. Bxb5 axb5 39. Qe6 Kg7 40. Bd8 Qg6 41.
Qe4 h6 42. h3 b4 43. b3 b5 44. Bh4 Qf7 45. Kh2 Be3 46. Be1 Qc7 47. Qxb4 Qc5 48.
Qxc5 dxc5 49. a4 c4 50. bxc4 bxa4 51. Bb4 Kf6 52. c5 1-0

[Event "51st World Juniors"]
[Site "Athens GRE"]
[Date "2012.08.11"]
[Round "9.43"]
[White "Jacko, Vladimir2"]
[Black "Vasques, Antonio Pedro Freixial"]
[Result "0-1"]
[WhiteTitle "FM"]
[WhiteElo "2349"]
[BlackElo "2214"]
[WhiteFideId "14915928"]
[BlackFideId "1908332"]
[EventDate "2012.08.02"]

1. e4 c5 2. Nf3 e6 3. d4 cxd4 4. Nxd4 Nc6 5. Nc3 Qc7 6. Be2 Nf6 7. Be3 Be7 8. f4
d6 9. g4 Nxd4 10. Qxd4 e5 11. Qd2 Nxg4 12. O-O-O Nxe3 13. Qxe3 exf4 14. Qxf4 Be6
15. Bb5+ Kf8 16. Kb1 Qc5 17. Rhf1 Qe5 18. Qf2 Bf6 19. Ba4 Qc5 20. Qf3 Bxc3 21.
bxc3 Qe5 22. Bb3 g6 23. Qe3 Kg7 24. Rf4 Rhf8 25. Rh4 h5 26. Rg1 Rac8 27. Kb2
Bxb3 28. Rg5 Qf6 29. axb3 Rh8 30. Rh3 b6 31. Rf3 Qe6 32. Qd4+ f6 33. h4 Rc5 34.
Rd5 Rxd5 35. exd5 Qe5 36. Qd3 Re8 37. Qb5 Re7 38. Qc6 f5 39. Qc8 Qxd5 40. Rd3
Qc5 41. Qd8 Qc7 0-1

[Event "51st World Juniors"]
[Site "Athens GRE"]
[Date "2012.08.11"]
[Round "9.44"]
[White "Arat, Ufuk Sezen"]
[Black "Farid, Firman Syah"]
[Result "1-0"]
[BlackTitle "CM"]
[WhiteElo "2124"]
[BlackElo "2318"]
[WhiteFideId "6309089"]
[BlackFideId "7102526"]
[EventDate "2012.08.02"]

1. c4 c5 2. g3 g6 3. Bg2 Bg7 4. Nc3 Nc6 5. e4 e6 6. Nge2 Nge7 7. O-O O-O 8. d3
d6 9. Be3 Nd4 10. Qd2 Nec6 11. Bh6 Ne5 12. Nxd4 Bxh6 13. Qxh6 cxd4 14. Ne2 Qb6
15. Qd2 f5 16. exf5 Rxf5 17. f4 Ng4 18. Bh3 h5 19. Bxg4 hxg4 20. h3 gxh3 21. g4
Rf7 22. Rf3 Rh7 23. Kh2 Bd7 24. Ng3 Rf8 25. f5 exf5 26. gxf5 gxf5 27. Rg1 Kh8
28. Ne4 Qd8 29. Qf4 Bc6 30. Ng5 Bxf3 31. Nxh7 Kxh7 32. Qxf3 Qf6 33. Rg3 f4 34.
Qe4+ 1-0

[Event "51st World Juniors"]
[Site "Athens GRE"]
[Date "2012.08.11"]
[Round "9.45"]
[White "Brown, Andrew"]
[Black "Muhammad, Luthfi Ali"]
[Result "1-0"]
[WhiteTitle "IM"]
[BlackTitle "CM"]
[WhiteElo "2296"]
[BlackElo "2078"]
[WhiteFideId "3206513"]
[BlackFideId "7103743"]
[EventDate "2012.08.02"]

1. d4 Nf6 2. c4 g6 3. Nc3 Bg7 4. e4 d6 5. f4 O-O 6. Nf3 c5 7. d5 e6 8. Be2 exd5
9. cxd5 Bg4 10. e5 dxe5 11. fxe5 Nfd7 12. e6 fxe6 13. O-O Nf6 14. Ng5 Bxe2 15.
Qxe2 exd5 16. Qe6+ Kh8 17. Nf7+ Rxf7 18. Qxf7 Nbd7 19. Qe6 Nf8 20. Qh3 d4 21.
Nd1 Qd5 22. Bh6 Re8 23. Nf2 Qe6 24. Bxg7+ Kxg7 25. Qa3 b6 26. Qxa7+ Re7 27. Qa8
N8d7 28. a4 Nd5 29. a5 Re8 30. Qb7 Rb8 31. Qa7 Qc6 32. Ng4 Ne3 33. Nxe3 Ra8 34.
axb6 Rxa7 35. bxa7 Nb6 36. Nc4 Na8 37. Rf7+ Kh6 38. Rf8 d3 39. Rxa8 Qxa8 40. Nb6
Qd8 41. a8=Q Qxb6 42. Qf8+ Kh5 43. Rf1 c4+ 44. Kh1 Qxb2 45. Qf3+ Kh6 46. Qf4+ g5
47. Qf8+ Kh5 48. Qf7+ Kg4 49. Qf3+ 1-0

[Event "51st World Juniors"]
[Site "Athens GRE"]
[Date "2012.08.11"]
[Round "9.46"]
[White "Haarr, Jon Kristian"]
[Black "Kvaratskhelia, Dimitri"]
[Result "1/2-1/2"]
[WhiteElo "2245"]
[BlackElo "2093"]
[WhiteFideId "1505963"]
[BlackFideId "13604295"]
[EventDate "2012.08.02"]

1. e4 c5 2. Nf3 e6 3. c3 Nf6 4. e5 Nd5 5. d4 cxd4 6. cxd4 d6 7. Bc4 Nc6 8. O-O
Be7 9. Qe2 O-O 10. Nc3 Nxc3 11. bxc3 Qc7 12. Bd3 dxe5 13. dxe5 b6 14. Re1 Bb7
15. Bg5 Rfd8 16. Rad1 Na5 17. h4 Bxf3 18. Qxf3 Bxg5 19. hxg5 g6 20. Qf6 Rab8 21.
Bb5 Nb7 22. g3 Nc5 23. Rd4 a6 24. Bf1 b5 25. Red1 Rxd4 26. Rxd4 Na4 27. c4 b4
28. Rd6 a5 29. Bh3 Nc5 30. Bg2 a4 31. Rc6 Qxc6 32. Bxc6 b3 33. axb3 axb3 34. Qe7
b2 35. Qxc5 b1=Q+ 36. Kg2 Qb6 37. Qxb6 Rxb6 38. Bb5 Kf8 39. Kf3 Ke7 40. Ke4 Rb8
41. f3 Kd8 42. Kd4 Kc7 43. Kc5 h6 44. gxh6 Rh8 45. g4 g5 46. Bc6 Rxh6 47. Be4
Rh8 48. Kb5 Rb8+ 49. Kc5 Rb3 50. Bc6 Ra3 51. Kb5 Rb3+ 52. Kc5 Rb8 53. Be4 Rd8
54. Bc6 Rd3 55. Be4 Rc3 56. Kb4 Rc1 57. Kc5 Kd8 58. Bc6 Ke7 59. Be4 f6 60. exf6+
Kxf6 61. Kd4 Rd1+ 62. Kc5 Ke5 63. Kb6 Rd6+ 64. Kc7 Ra6 65. c5 Kd4 66. c6 Kc5 67.
Kd7 Kb6 68. Kxe6 Kc7 69. Kf6 Ra5 70. Bf5 Ra3 71. Kxg5 Rxf3 72. Bd7 Rg3 73. Kf5
Kd6 74. g5 Rf3+ 75. Kg6 Rc3 76. Kf6 Rf3+ 77. Kg7 Ke7 78. g6 Rf1 79. Bc8 Rc1 80.
Bb7 Rc3 81. Kg8 Kf6 82. g7 Rg3 83. Kf8 Rxg7 84. Ke8 Rc7 1/2-1/2

[Event "51st World Juniors"]
[Site "Athens GRE"]
[Date "2012.08.11"]
[Round "9.47"]
[White "Larmuseau, Maarten"]
[Black "Carbone, Diego"]
[Result "1/2-1/2"]
[WhiteElo "2245"]
[BlackElo "2069"]
[WhiteFideId "209988"]
[BlackFideId "3002179"]
[EventDate "2012.08.02"]

1. e4 c5 2. Nc3 Nc6 3. Bb5 Nd4 4. Bc4 d6 5. Nge2 Nf6 6. d3 e6 7. Nxd4 cxd4 8.
Ne2 Qb6 9. O-O Be7 10. Bg5 Qc5 11. Bh4 b5 12. Bb3 Bd7 13. a4 O-O 14. f3 bxa4 15.
Bxa4 Bxa4 16. Rxa4 Rfc8 17. Rc4 Qb6 18. b3 Rxc4 19. bxc4 e5 20. Ng3 Nd5 21. exd5
Bxh4 22. Nf5 Bg5 23. Qb1 Rb8 24. Qxb6 Rxb6 25. h4 Bd8 26. Ra1 a6 27. h5 g6 28.
hxg6 hxg6 29. Ng3 f5 30. Ne2 Bg5 31. f4 Bxf4 32. Nxf4 exf4 33. Rf1 a5 34. Rxf4
Rb2 35. Rf1 Rxc2 36. Ra1 Rc3 37. Rxa5 Rxd3 38. Ra6 Rc3 39. Rxd6 Rxc4 40. Rxg6+
Kf7 41. Ra6 Rc5 42. Kf2 Rxd5 43. Ke2 Re5+ 44. Kd3 Re4 45. Rb6 Rg4 46. Ra6 Rxg2
47. Kxd4 Re2 48. Kd3 Re7 49. Rb6 Kg7 50. Ra6 Kf7 1/2-1/2

[Event "51st World Juniors"]
[Site "Athens GRE"]
[Date "2012.08.11"]
[Round "9.48"]
[White "Nishant, Malhotra"]
[Black "Nuri, Kambez"]
[Result "1/2-1/2"]
[BlackTitle "FM"]
[WhiteElo "2076"]
[BlackElo "2274"]
[WhiteFideId "5099129"]
[BlackFideId "1311433"]
[EventDate "2012.08.02"]

1. d4 Nf6 2. c4 g6 3. Nc3 Bg7 4. e4 d6 5. f3 O-O 6. Be3 c5 7. dxc5 dxc5 8. Qxd8
Rxd8 9. Bxc5 Nc6 10. Nge2 b6 11. Ba3 Ba6 12. Nb5 Rd7 13. Rd1 Rad8 14. Rxd7 Rxd7
15. Nc1 Nh5 16. Nd3 f5 17. exf5 gxf5 18. g4 fxg4 19. fxg4 Nf6 20. Nf2 Ne5 21.
Be2 Bb7 22. Rg1 Bf3 23. b3 Bxe2 24. Kxe2 a6 25. Nc3 Nc6 26. Rd1 Nd4+ 27. Kf1 e5
28. Bb2 Rf7 29. Kg2 h5 30. h3 Bh6 31. Bc1 Bxc1 32. Rxc1 Rg7 33. Nce4 Nxe4 34.
Nxe4 hxg4 35. Nf6+ Kf7 36. Nxg4 Ke6 37. Re1 Rg5 38. Kg3 Nf5+ 39. Kf3 Nd4+ 40.
Ke4 Rh5 41. Rf1 Nf5 42. Rf3 Nd6+ 43. Ke3 e4 44. Rf6+ Ke7 45. Rf2 1/2-1/2

[Event "51st World Juniors"]
[Site "Athens GRE"]
[Date "2012.08.11"]
[Round "9.49"]
[White "Podolsky, Anton"]
[Black "Zulfic, Fedja"]
[Result "1-0"]
[WhiteElo "2246"]
[BlackElo "2135"]
[WhiteFideId "14119668"]
[BlackFideId "3208427"]
[EventDate "2012.08.02"]

1. d4 Nf6 2. c4 g6 3. Nc3 d5 4. Bg5 Ne4 5. Bh4 Nxc3 6. bxc3 Bg7 7. e3 c5 8. Nf3
cxd4 9. cxd4 Nc6 10. Be2 O-O 11. O-O Bf5 12. Rc1 Rc8 13. Nd2 Nb4 14. Qb3 a5 15.
a3 dxc4 16. Rxc4 Nd5 17. Rxc8 Bxc8 18. Bf3 Bf6 19. Bg3 e6 20. Rc1 Be7 21. Nc4 b6
22. e4 Bg5 23. Rd1 a4 24. Qb2 Ba6 25. Ne5 Nf4 26. h4 Bh6 27. Ng4 1-0

[Event "51st World Juniors"]
[Site "Athens GRE"]
[Date "2012.08.11"]
[Round "9.50"]
[White "Sodikov, Ilyas"]
[Black "Yurtseven, Melih"]
[Result "1-0"]
[WhiteElo "2234"]
[BlackElo "2126"]
[WhiteFideId "13705490"]
[BlackFideId "6312160"]
[EventDate "2012.08.02"]

1. e4 c5 2. c3 Qa5 3. Nf3 Nc6 4. Bc4 b5 5. Bb3 c4 6. Bc2 d6 7. O-O Nf6 8. d4
cxd3 9. Qxd3 e6 10. b4 Qb6 11. a4 bxa4 12. Bxa4 Bd7 13. Na3 Be7 14. Nc4 Qb8 15.
Bf4 O-O 16. b5 Nd8 17. Bxd6 Bxd6 18. Nxd6 Nb7 19. e5 Nxd6 20. exf6 Rd8 21. Ng5
g6 22. c4 Ne8 23. Qf3 Qe5 24. Ne4 Rab8 25. Qe3 Rdc8 26. Bb3 Bxb5 27. cxb5 Rxb5
28. Ba4 Rb4 29. Bxe8 Rxe4 30. Bxf7+ Kxf7 31. Rxa7+ Kxf6 32. Qh6 Qd4 33. Qxh7 Kg5
34. Rd7 Qc4 35. g3 Rf8 36. f4+ Kf5 37. Rf7+ Kg4 1-0

[Event "51st World Juniors"]
[Site "Athens GRE"]
[Date "2012.08.11"]
[Round "9.51"]
[White "Sreeves, Clement"]
[Black "Vaicekauskas, Gytis"]
[Result "1/2-1/2"]
[WhiteElo "2191"]
[BlackElo "2079"]
[WhiteFideId "2402564"]
[BlackFideId "12805459"]
[EventDate "2012.08.02"]

1. e4 e5 2. Nf3 Nc6 3. Bb5 f5 4. Nc3 fxe4 5. Nxe4 d5 6. Nxe5 dxe4 7. Nxc6 Qg5 8.
Qe2 Nf6 9. Nxa7+ Bd7 10. Bxd7+ Nxd7 11. Nb5 Qxg2 12. Qf1 Qxf1+ 13. Rxf1 O-O-O
14. f3 Re8 15. Kd1 Bc5 16. d4 exd3 17. cxd3 Ne5 18. d4 Bxd4 19. Nxd4 Rd8 20. Be3
Nc6 21. Kc2 Nxd4+ 22. Bxd4 Rxd4 23. Rad1 Rf4 24. Rd3 Rhf8 25. Rg1 g6 26. Rg3 b6
27. Kd1 R8f6 28. Ke1 R6f5 29. Kf2 Rh5 30. Kg2 Rfh4 31. h3 Ra4 32. a3 Rc4 33. Rd2
Rb5 34. Rg4 Rcc5 35. Re4 Rb3 36. Ree2 Rg5+ 37. Kf2 Rf5 38. Re3 Rxe3 39. Kxe3 Rh5
40. Rh2 Kd7 41. Kf4 c5 42. Kg4 Kc6 43. Re2 Kd5 44. Re3 b5 45. Rb3 b4 46. axb4
Kc4 47. Rc3+ Kxb4 48. f4 c4 49. Re3 Rf5 50. Rf3 Rd5 51. Rf2 Kb3 52. Rh2 Ra5 53.
Re2 Ra2 54. Re7 Kxb2 55. Rxh7 Ra3 56. f5 gxf5+ 57. Kxf5 c3 58. Rc7 c2 59. Rxc2+
Kxc2 60. h4 Rh3 61. Kg5 Kd3 62. h5 Ke4 63. h6 Ke5 64. Kg6 Ke6 65. Kg7 Rg3+ 66.
Kf8 Rh3 67. Kg7 Ke7 68. h7 Rg3+ 69. Kh8 Rf3 70. Kg7 Rf7+ 71. Kg8 Rf8+ 72. Kg7
Rh8 73. Kxh8 Kf8 1/2-1/2

[Event "51st World Juniors"]
[Site "Athens GRE"]
[Date "2012.08.11"]
[Round "9.52"]
[White "Koutoukidis, Panagiotis"]
[Black "Stepanyan, Henrik"]
[Result "1/2-1/2"]
[WhiteElo "2167"]
[BlackElo "2022"]
[WhiteFideId "4244702"]
[BlackFideId "401030"]
[EventDate "2012.08.02"]

1. e4 e5 2. Nf3 Nc6 3. Bc4 Nf6 4. d3 Be7 5. O-O O-O 6. Bb3 d5 7. exd5 Nxd5 8. h3
a5 9. a3 Bf6 10. Re1 Re8 11. Nbd2 Bf5 12. Ne4 Bxe4 13. dxe4 Nde7 14. Be3 Qxd1
15. Raxd1 Rad8 16. c3 Rxd1 17. Rxd1 Rd8 18. Rxd8+ Nxd8 19. Kf1 Kf8 20. Ke2 b6
21. Kd3 Nb7 22. Ba2 g6 23. b4 h5 24. Nd2 Bg7 25. Nc4 Nc6 26. Bb3 axb4 27. axb4
f5 28. f3 Ke7 29. Bg5+ Bf6 30. Bxf6+ Kxf6 31. Ne3 Ne7 32. Nd5+ Nxd5 33. Bxd5 1/2-1/2

[Event "51st World Juniors"]
[Site "Athens GRE"]
[Date "2012.08.11"]
[Round "9.53"]
[White "Vandevenne, Sander"]
[Black "Larmuseau, Michiel"]
[Result "1/2-1/2"]
[WhiteElo "2083"]
[BlackElo "2154"]
[WhiteFideId "223000"]
[BlackFideId "263214"]
[EventDate "2012.08.02"]

1. e4 e6 2. b3 d5 3. Nc3 Nf6 4. e5 Nfd7 5. f4 c5 6. Nf3 Nc6 7. Bb5 Qb6 8. O-O
Be7 9. Kh1 O-O 10. a4 f6 11. Re1 fxe5 12. fxe5 Rf5 13. Bd3 Rf8 14. Bb5 Rf5 15.
Bd3 Rf8 16. Bb5 Rf5 1/2-1/2

[Event "51st World Juniors"]
[Site "Athens GRE"]
[Date "2012.08.11"]
[Round "9.54"]
[White "Ashiku, Franc"]
[Black "Poulopoulos, Ioannis"]
[Result "1-0"]
[WhiteElo "2152"]
[BlackElo "2007"]
[WhiteFideId "4700066"]
[BlackFideId "4218078"]
[EventDate "2012.08.02"]

1. e4 c5 2. Nf3 d6 3. d4 Nf6 4. Nc3 cxd4 5. Qxd4 a6 6. Bg5 Nc6 7. Qd2 e6 8. h3
Be7 9. Be2 O-O 10. a4 Qc7 11. O-O Rd8 12. Rad1 b6 13. Nd4 Bb7 14. Be3 Na5 15. f3
Rac8 16. Kh1 d5 17. e5 Qxe5 18. Bf4 Qh5 19. Rf2 e5 20. g4 Qh4 21. Nf5 Qxf2 22.
Be3 Nc4 23. Bxf2 Nxd2 24. Nxe7+ Kf8 25. Nxc8 Rxc8 26. Rxd2 d4 27. Nd1 e4 28.
Bxd4 exf3 29. Bf1 Ne4 30. Rd3 Rxc2 31. Kg1 Ng3 32. Bf2 Ne2+ 33. Kh2 Nf4 34. Rd4
g5 35. Bd3 Rd2 36. Bxh7 Re2 37. Bd3 Rd2 38. Bf5 Re2 39. h4 Ng2 40. hxg5 Ne3 41.
Kg3 1-0

[Event "51st World Juniors"]
[Site "Athens GRE"]
[Date "2012.08.11"]
[Round "9.55"]
[White "Capone, Nicola"]
[Black "Naoum, Spyridon"]
[Result "0-1"]
[WhiteElo "2120"]
[BlackElo "2146"]
[WhiteFideId "224715"]
[BlackFideId "4227506"]
[EventDate "2012.08.02"]

1. e4 c5 2. Nf3 e6 3. d4 cxd4 4. Nxd4 a6 5. Bd3 Bc5 6. Nb3 Be7 7. Qg4 g6 8. Qe2
d6 9. O-O Nd7 10. Na3 Qc7 11. Nc4 b6 12. a4 Bb7 13. a5 b5 14. Nb6 Rb8 15. Nxd7
Qxd7 16. Rd1 Qc7 17. Bf4 Nf6 18. Rac1 O-O 19. c4 bxc4 20. Rxc4 Qd7 21. Rb4 e5
22. Bh6 Rfc8 23. Nc1 Ba8 24. Rb6 Rxb6 25. axb6 Rb8 26. Bxa6 Nxe4 27. Be3 Bd8 28.
f3 Nf6 29. Qf2 Nd5 30. Kh1 Nxe3 31. Qxe3 Rxb6 32. Bc4 Qf5 33. Qa3 Qc2 34. Bb3
Qc8 35. Qa2 Kg7 36. Bxf7 Bg5 37. Bc4 Bxc1 38. Rxc1 d5 39. Qa7+ Rb7 40. Qa5 Rc7
41. h3 Rxc4 42. Rxc4 dxc4 43. Qxe5+ Kg8 44. Kh2 Bc6 45. Qf6 Bd5 46. Qe5 Qe6 47.
Qd4 h5 48. Kg1 Kf7 49. Kh2 Ke7 50. Kg1 Kd6 51. Qb6+ Kd7 52. Qd4 Kc6 53. Kh2 Qf5
54. Kh1 Kb5 55. Kh2 Qd3 56. Qf6 Ka4 57. Qb6 Qf5 58. Kg1 Qe6 59. Qb8 Qc6 60. Qa7+
Kb3 61. Qa3+ Kc2 62. Qc3+ Kb1 63. Qd4 Bf7 64. Kh2 Qd5 65. Qf6 Be6 66. h4 Bf5 67.
Qc3 Qd3 68. Qe5 Qc2 69. Qd4 Bd3 0-1

[Event "51st World Juniors"]
[Site "Athens GRE"]
[Date "2012.08.11"]
[Round "9.56"]
[White "Gantar, Jan"]
[Black "Zwakala, Ntando"]
[Result "1-0"]
[WhiteElo "2218"]
[BlackElo "2054"]
[WhiteFideId "14607875"]
[BlackFideId "14308967"]
[EventDate "2012.08.02"]

1. e4 e5 2. Nf3 Nc6 3. Bc4 Nf6 4. d3 Be7 5. O-O O-O 6. Bb3 d6 7. c3 h6 8. Nbd2
Na5 9. Bc2 c5 10. a3 Re8 11. b4 Nc6 12. Re1 Bf8 13. Nf1 Qc7 14. Ng3 g6 15. h3
Bg7 16. Be3 b6 17. Qd2 Kh7 18. d4 exd4 19. cxd4 Ba6 20. Rac1 Rad8 21. Bb1 Bb7
22. Qc2 d5 23. dxc5 dxe4 24. cxb6 Qd7 25. b5 Nb4 26. Ng5+ hxg5 27. axb4 axb6 28.
Bxg5 Qxb5 29. Bxf6 Bxf6 30. Nxe4 Bg7 31. Qc7 Rd7 32. Qg3 Rde7 33. Bd3 Qd5 34.
Ng5+ Kg8 35. Rxe7 Rxe7 36. Bc4 Qd2 37. Rf1 Qxb4 38. Qb8+ Bf8 39. Bxf7+ Kg7 40.
Ba2 Ba6 41. Rb1 Re1+ 42. Rxe1 Qxe1+ 43. Kh2 Qxf2 44. Qe5+ Kh6 45. Nf7+ 1-0

[Event "51st World Juniors"]
[Site "Athens GRE"]
[Date "2012.08.11"]
[Round "9.57"]
[White "Michelakos, Panagiotis"]
[Black "Haria, Ravi"]
[Result "1-0"]
[WhiteElo "2185"]
[BlackElo "2054"]
[WhiteFideId "4216067"]
[BlackFideId "415820"]
[EventDate "2012.08.02"]

1. d4 Nf6 2. c4 c5 3. d5 b5 4. cxb5 a6 5. bxa6 g6 6. Nc3 Bxa6 7. g3 d6 8. Bg2
Bg7 9. Nf3 Nbd7 10. Rb1 O-O 11. O-O Nb6 12. b3 Ra7 13. Re1 Qa8 14. e4 Ng4 15.
Qc2 Nd7 16. Rd1 f5 17. exf5 Rxf5 18. h3 Nde5 19. Bf4 Nxf3+ 20. Bxf3 Ne5 21. Be4
Rf7 22. a4 Qf8 23. b4 Nc4 24. b5 Na3 25. Qd2 Nxb1 26. Nxb1 Bc8 27. a5 Qd8 28. a6
Bd7 29. Na3 Bd4 30. h4 Bf5 31. Bxf5 Rxf5 32. Rb1 Qa8 33. Nc4 Rf8 34. Ne3 Rb8 35.
Qd3 Rb6 36. h5 Qe8 37. hxg6 hxg6 38. Nc4 Rb8 39. b6 Rxa6 40. Nxd6 exd6 41. Qxa6
Qe4 42. Qa2 Qe7 43. b7 Kf7 44. Qa7 Qe2 45. Rf1 Bxf2+ 46. Rxf2 Qd1+ 47. Rf1 Qd4+ 1-0

[Event "51st World Juniors"]
[Site "Athens GRE"]
[Date "2012.08.11"]
[Round "9.58"]
[White "Wu, Kevin"]
[Black "Edwards, Jonathan"]
[Result "0-1"]
[WhiteElo "1905"]
[BlackElo "2170"]
[WhiteFideId "2609720"]
[BlackFideId "2402912"]
[EventDate "2012.08.02"]

1. e4 e5 2. Nc3 Nf6 3. f4 d6 4. Nf3 Nbd7 5. Bc4 h6 6. O-O c6 7. d4 exd4 8. Qxd4
d5 9. Na4 dxc4 10. e5 Nd5 11. e6 fxe6 12. Qe4 Qf6 13. Ne5 Nc5 14. Qe2 Nxa4 15.
Qh5+ g6 16. Nxg6 Rg8 17. f5 Qf7 18. fxe6 Qxg6 19. Rxf8+ Kxf8 20. Bxh6+ Ke8 0-1

[Event "51st World Juniors"]
[Site "Athens GRE"]
[Date "2012.08.11"]
[Round "9.59"]
[White "Hatzoudis, Gerasimos"]
[Black "Jones, William E G"]
[Result "0-1"]
[WhiteElo "1843"]
[BlackElo "2127"]
[WhiteFideId "4221370"]
[BlackFideId "470554"]
[EventDate "2012.08.02"]

1. d4 Nf6 2. c4 g6 3. Nc3 Bg7 4. e4 d6 5. Nf3 O-O 6. Be2 e5 7. O-O Nc6 8. d5 Ne7
9. Ne1 Nd7 10. Nd3 f5 11. Bd2 Nf6 12. f3 f4 13. c5 g5 14. Rc1 Ng6 15. Nb5 Rf7
16. Ba5 b6 17. cxd6 cxd6 18. Be1 g4 19. Rc6 Bf8 20. Qc2 g3 21. a4 Nh5 22. Nc7
Qh4 23. hxg3 fxg3 24. Bxg3 Nxg3 25. Nxa8 Ba6 26. Rc7 Bh6 27. f4 Nxf4 28. Rxf4
Bxf4 29. Nxf4 Qh1+ 30. Kf2 Rxf4+ 31. Bf3 Nxe4+ 32. Qxe4 Rxe4 33. Bxe4 Qf1+ 34.
Kg3 Qf4+ 0-1

[Event "51st World Juniors"]
[Site "Athens GRE"]
[Date "2012.08.11"]
[Round "9.60"]
[White "Alexiadis, Hristos"]
[Black "Torkkola, Henri"]
[Result "0-1"]
[WhiteElo "1769"]
[BlackElo "2123"]
[WhiteFideId "4249623"]
[BlackFideId "507660"]
[EventDate "2012.08.02"]

1. e4 d5 2. exd5 Qxd5 3. Nf3 Nf6 4. Be2 c6 5. O-O Bf5 6. Re1 e6 7. d4 Nbd7 8.
Bf4 Qe4 9. Bg3 Qxc2 10. Na3 Qxd1 11. Raxd1 Bb4 12. Rf1 Ne4 13. Bf4 Nb6 14. Nc2
Be7 15. Ne3 Bg6 16. Rc1 f6 17. Rfd1 O-O 18. h3 Rfd8 19. Bf1 Rd7 20. g4 Rad8 21.
Be2 Nd6 22. Kg2 a6 23. h4 Nb5 24. Nc4 Nd5 25. Bg3 Nd6 26. h5 Bf7 27. Nxd6 Bxd6
28. Bc4 Nc7 29. Rc2 Bxg3 30. Kxg3 e5 31. Bxf7+ Kxf7 32. Rcd2 exd4 33. Rxd4 Rxd4
34. Rxd4 Rxd4 35. Nxd4 Nd5 36. f4 Nb4 37. a3 Nd3 38. b4 Nb2 39. Kf3 Nc4 40. Nc2
f5 41. gxf5 Kf6 42. Kg4 h6 43. a4 Nb6 44. a5 Nd5 45. Nd4 Nxb4 46. Ne6 Nd3 47.
Kf3 Nb2 48. Nd8 Nc4 49. Nxb7 Kxf5 50. Nc5 Nxa5 51. Nxa6 Nb3 52. Nb4 c5 53. Nd5
Nd4+ 54. Ke3 Kg4 55. Nc3 Kxh5 56. Ne4 Nb3 57. f5 Kg4 58. f6 gxf6 59. Nxf6+ Kf5
60. Ne4 h5 61. Nf2 Nd4 62. Kd3 Ne6 63. Kc4 Ke5 64. Nh3 Ke4 65. Ng1 Ke3 66. Nh3
Kf3 67. Kd5 Kg2 68. Kxe6 Kxh3 69. Kd5 Kg2 70. Kxc5 h4 71. Kd4 h3 72. Ke3 h2 73.
Ke4 h1=Q 0-1

[Event "51st World Juniors"]
[Site "Athens GRE"]
[Date "2012.08.11"]
[Round "9.61"]
[White "Jefic, Srdjan"]
[Black "Kalofonos, Panayotis"]
[Result "1-0"]
[WhiteElo "2165"]
[BlackElo "1806"]
[WhiteFideId "14403080"]
[BlackFideId "4233824"]
[EventDate "2012.08.02"]

1. e4 d5 2. exd5 Qxd5 3. Nc3 Qd6 4. d4 c6 5. Nf3 Bg4 6. Be3 Nf6 7. h3 Bh5 8. g4
Bg6 9. Ne5 Nbd7 10. Qe2 e6 11. f4 Be7 12. Bg2 Qb4 13. O-O-O Nxe5 14. dxe5 Nd7
15. Rd4 Qa5 16. Rhd1 Nb6 17. Qf3 h5 18. Bd2 Qc5 19. Be3 Qa5 20. Bd2 Qc5 21. Qf2
O-O 22. Ne4 Bxe4 23. Bxe4 h4 24. Bb4 1-0

[Event "51st World Juniors"]
[Site "Athens GRE"]
[Date "2012.08.11"]
[Round "9.62"]
[White "Cajahuanca Ramirez, Olindo"]
[Black "Du Plessis, Heinco"]
[Result "0-1"]
[WhiteElo "1856"]
[BlackElo "2075"]
[WhiteFideId "3811530"]
[BlackFideId "14306263"]
[EventDate "2012.08.02"]

1. d4 Nf6 2. Nf3 c5 3. d5 d6 4. c4 e5 5. Nc3 Be7 6. Bg5 Nbd7 7. e3 h6 8. Bh4 O-O
9. Be2 Nh7 10. Bxe7 Qxe7 11. Qc2 f5 12. e4 f4 13. O-O-O Ndf6 14. Kb1 Bd7 15. Nd2
a6 16. h3 Rab8 17. a4 Ne8 18. Nb3 b6 19. Rd2 Qg5 20. Rh2 f3 21. gxf3 Qg1+ 0-1